000 01139nam a2200337 i 4500
003 EG-GICUC
005 20260412074001.0
008 260306s1921 fr ||||fr|||| 000 0 fre d
040 _aEG-GiCUC
_bfre
_cEG-GiCUC
_dEG-GiCUC
_eRda
041 _afre
082 0 4 _221
_a341.6
_bMÉ . D
092 0 4 _221
099 _aLaw1 11 341.6 MÉ . D 1921
100 1 _a Mérignhac , A.
_eAuteur
245 1 0 _aDroit des Gens et la Guerre de 1914-1918.
_nTome I /
_cPar A. Mérignhac, E. Lemonon.
264 1 _aParis :
_bRecueil Sirey,
_c1921.
300 _a653 page ;
_c 24 cm.
_billustration ;
336 _2rda contenu
_a texte
337 _2rda medias
_aOrdinateur
338 _2 transporteur rda
_a Ressource en ligne
504 _aBibliography: pages 200-250. 240-220
546 _aTexte en français
650 1 4 _aDroits de l’homme
_2qrmak
_xDroit international
650 1 _a Droit international humanitaire
_2qrmak
651 1 _2qrmak
700 1 _a Lémonon, E.
_eCo-Auteur
700 1 _aBourgeois, Leon
_ePréfacier
856 4 0 _uhttps://fll.law.cu.edu.eg/fulltext/bks/B11-08700.pdf
905 _a79
942 _2ddc
_cBK
_e21
_n0
999 _c65235
_d65235